[Event "14. Open Diputación Málaga 2011"]
[Site "Malaga ESP"]
[Date "2011.05.01"]
[Round "3.8"]
[White "Torres Ventosa, Pedro Eugenio"]
[Black "Martinez Rubi, Alberto"]
[Result "1/2-1/2"]
[WhiteElo "2303"]
[BlackElo "2017"]
[PlyCount "123"]
[EventDate "2011.04.29"]
[EventType "swiss"]
[EventRounds "7"]
[EventCountry "ESP"]
[Source "lmi"]
[SourceDate "2011.04.29"]

1. e4 e6 2. d4 d5 3. Nd2 Nf6 4. e5 Nfd7 5. Bd3 c5 6. c3 Nc6 7. Ne2 cxd4 8. cxd4
f6 9. exf6 Nxf6 10. Nf3 Bd6 11. O-O O-O 12. Bf4 Bxf4 13. Nxf4 Ne4 14. Nh5 g6
15. Ng3 Nxg3 16. fxg3 Qb6 17. Kh1 Bd7 18. Qd2 Qb4 19. Qh6 Qe7 20. Rae1 Qg7 21.
Qh4 Rae8 22. Bb5 Nb8 23. Bxd7 Nxd7 24. Ng5 h6 25. Rxf8+ Qxf8 26. Nf3 Kg7 27.
Qf4 Qxf4 28. gxf4 Nf6 29. Rc1 Re7 30. g3 Ne4 31. Kg2 Kf6 32. Ne5 Nd6 33. Kf2
Nf5 34. Nf3 g5 35. g4 Nd6 36. fxg5+ hxg5 37. b3 Ne4+ 38. Ke3 Rh7 39. Rc8 Nd6
40. Rf8+ Nf7 41. a4 Rh8 42. Rxh8 Nxh8 43. h4 gxh4 44. Nxh4 Kg5 45. Nf3+ Kxg4
46. Ne5+ Kf5 47. Nd7 Nf7 48. a5 Nd6 49. Nb8 Nf7 50. a6 bxa6 51. Nxa6 Kf6 52.
Nb8 Nd8 53. Kf4 Ke7 54. Na6 Kd6 55. Ke3 Nc6 56. Kd3 e5 57. dxe5+ Kxe5 58. Nc7
d4 59. Nb5 Kd5 60. Nc7+ Ke5 61. Kc2 Nb4+ 62. Kd2 1/2-1/2

[Event "14. Open Diputación Málaga 2011"]
[Site "Malaga ESP"]
[Date "2011.05.01"]
[Round "3.10"]
[White "Garrido Dominguez, Jesus"]
[Black "Herrera Mellado, Luis"]
[Result "1-0"]
[WhiteElo "2417"]
[BlackElo "2053"]
[PlyCount "42"]
[EventDate "2011.04.29"]
[EventType "swiss"]
[EventRounds "7"]
[EventCountry "ESP"]
[Source "lmi"]
[SourceDate "2011.04.29"]

1. e4 d6 2. d4 Nf6 3. Nc3 g6 4. Nf3 Bg7 5. h3 O-O 6. Be3 c6 7. a4 a5 8. Bd3 Na6
9. O-O Nb4 10. Re1 Qc7 11. Bf1 e5 12. dxe5 dxe5 13. Nd2 Be6 14. Bc4 Rfe8 15.
Rc1 h6 16. Bxe6 Rxe6 17. Nc4 Nd7 18. Qd2 Kh7 19. Red1 Nf8 20. Bb6 Qe7 21. Nxa5
Nd7 1-0

[Event "14. Open Diputación Málaga 2011"]
[Site "Malaga ESP"]
[Date "2011.05.01"]
[Round "4.1"]
[White "Ibarra Jerez, Jose Carlos"]
[Black "Camacho Collados, Marcos"]
[Result "1-0"]
[WhiteElo "2522"]
[BlackElo "2376"]
[PlyCount "63"]
[EventDate "2011.04.29"]
[EventType "swiss"]
[EventRounds "7"]
[EventCountry "ESP"]
[Source "lmi"]
[SourceDate "2011.04.29"]

1. d4 d6 2. e4 g6 3. Nf3 Bg7 4. Bc4 e6 5. Bb3 Ne7 6. O-O O-O 7. Bf4 Nd7 8. c3
b6 9. Nbd2 Bb7 10. Re1 h6 11. h4 e5 12. Bh2 Nc6 13. Nf1 Qf6 14. Bd5 Nd8 15.
Bxb7 Nxb7 16. Qa4 Qd8 17. Rad1 Re8 18. h5 Kh7 19. Qc4 exd4 20. cxd4 Re7 21. e5
dxe5 22. dxe5 Na5 23. Qe4 c5 24. hxg6+ fxg6 25. e6 Bxb2 26. Rxd7 Qxd7 27. exd7
Rxe4 28. Rxe4 Bf6 29. Bc7 Nb7 30. Re8 Bd8 31. Ne5 c4 32. Nxc4 1-0

[Event "14. Open Diputación Málaga 2011"]
[Site "Malaga ESP"]
[Date "2011.05.01"]
[Round "4.2"]
[White "Khamrakulov, Ibragim S"]
[Black "Pap, Misa"]
[Result "1-0"]
[WhiteElo "2495"]
[BlackElo "2496"]
[PlyCount "63"]
[EventDate "2011.04.29"]
[EventType "swiss"]
[EventRounds "7"]
[EventCountry "ESP"]
[Source "lmi"]
[SourceDate "2011.04.29"]

1. e4 e5 2. Nf3 Nc6 3. Bc4 Nf6 4. d3 Be7 5. O-O O-O 6. h3 d5 7. exd5 Nxd5 8.
Re1 Nb6 9. Bb3 a5 10. a4 Nd4 11. Nxd4 exd4 12. Bf4 Bd6 13. Bxd6 Qxd6 14. Nd2
Bd7 15. Ne4 Qg6 16. Ng3 Rfe8 17. Qf3 Rxe1+ 18. Rxe1 Bc6 19. Qf4 Bxa4 20. Bxa4
Nxa4 21. Qxd4 Nb6 22. Re7 Qd6 23. Qxd6 cxd6 24. Rxb7 Nd5 25. Ne4 Nb4 26. Nxd6
Nxc2 27. Nxf7 Nb4 28. d4 Rc8 29. Nd6 Rc1+ 30. Kh2 g6 31. Ne4 h5 32. Rb6 1-0

[Event "14. Open Diputación Málaga 2011"]
[Site "Malaga ESP"]
[Date "2011.05.01"]
[Round "4.3"]
[White "Marholev, Dimitar"]
[Black "Rivas Pastor, Manuel"]
[Result "1/2-1/2"]
[WhiteElo "2384"]
[BlackElo "2533"]
[PlyCount "25"]
[EventDate "2011.04.29"]
[EventType "swiss"]
[EventRounds "7"]
[EventCountry "ESP"]
[Source "lmi"]
[SourceDate "2011.04.29"]

1. Nf3 d5 2. c4 e6 3. g3 g6 4. Bg2 Bg7 5. O-O Ne7 6. d4 O-O 7. Qc2 b6 8. Rd1
Bb7 9. cxd5 exd5 10. b4 Nd7 11. Bb2 Nf5 12. Bh3 Nd6 13. Nbd2 1/2-1/2

[Event "14. Open Diputación Málaga 2011"]
[Site "Malaga ESP"]
[Date "2011.05.02"]
[Round "4.4"]
[White "Pap, Misa"]
[Black "Castano, Henry Augusto"]
[Result "1/2-1/2"]
[WhiteElo "2496"]
[BlackElo "2273"]
[PlyCount "93"]
[EventDate "2011.04.29"]
[EventType "swiss"]
[EventRounds "7"]
[EventCountry "ESP"]
[Source "lmi"]
[SourceDate "2011.04.29"]

1. e4 e5 2. Nf3 Nc6 3. Bc4 Nf6 4. d4 exd4 5. e5 d5 6. Bb5 Ne4 7. Nxd4 Bc5 8.
Be3 Bd7 9. Bxc6 bxc6 10. Nd2 Nxd2 11. Qxd2 Qe7 12. O-O O-O 13. Nb3 Bb6 14. Rfe1
Rfe8 15. f4 Qh4 16. Nc5 Bf5 17. a4 a5 18. Bf2 Qh6 19. Bd4 Rab8 20. b3 Qg6 21.
Rac1 h5 22. Qf2 Qh7 23. Re3 h4 24. h3 Re6 25. Rc3 Qh6 26. Rf1 Ree8 27. Kh2 Kh7
28. Na6 Rb7 29. Re1 Bxd4 30. Qxd4 Ra8 31. Nc5 Rb4 32. Qd2 Qxf4+ 33. Qxf4 Rxf4
34. Kg1 Kg8 35. e6 fxe6 36. Nxe6 Bxe6 37. Rxe6 Raf8 38. Rg6 Rf1+ 39. Kh2 Rc1
40. Rg4 Rf2 41. Rxc6 Rcxc2 42. Rcg6 Rf7 43. Rxh4 Rd7 44. Rd4 c5 45. Rd3 c4 46.
bxc4 Rxc4 47. Rg4 1/2-1/2

[Event "14. Open Diputación Málaga 2011"]
[Site "Malaga ESP"]
[Date "2011.05.01"]
[Round "4.5"]
[White "Gonzalez Perez, Arian"]
[Black "Gemy Vargas, Jose Daniel"]
[Result "1-0"]
[WhiteElo "2448"]
[BlackElo "2288"]
[PlyCount "75"]
[EventDate "2011.04.29"]
[EventType "swiss"]
[EventRounds "7"]
[EventCountry "ESP"]
[Source "lmi"]
[SourceDate "2011.04.29"]

1. Nf3 d5 2. c4 c6 3. b3 Bg4 4. e3 Nd7 5. Bb2 e6 6. Be2 Ngf6 7. O-O Bd6 8. Nc3
Qe7 9. a3 a5 10. cxd5 exd5 11. Nd4 Bxe2 12. Qxe2 g6 13. f4 O-O 14. g4 Nc5 15.
g5 Nfe4 16. Nd1 Ne6 17. d3 N4c5 18. Nf2 h5 19. Nf5 Qd7 20. Bf6 Kh7 21. Ng3 Ng7
22. Qb2 Rg8 23. d4 Na6 24. Qe2 Nc7 25. Nd3 Nce8 26. Ne5 Qc7 27. Kh1 Rh8 28. h4
Nxf6 29. gxf6 Ne8 30. Nxh5 Kg8 31. Rg1 Kf8 32. Rg5 gxh5 33. Rxh5 Rg8 34. Rf5
Bxe5 35. fxe5 Qd7 36. Qh5 Nc7 37. Rg1 Rxg1+ 38. Kxg1 1-0

[Event "14. Open Diputación Málaga 2011"]
[Site "Malaga ESP"]
[Date "2011.05.01"]
[Round "4.6"]
[White "Castano, Henry Augusto"]
[Black "Garrido Dominguez, Jesus"]
[Result "1-0"]
[WhiteElo "2273"]
[BlackElo "2417"]
[PlyCount "83"]
[EventDate "2011.04.29"]
[EventType "swiss"]
[EventRounds "7"]
[EventCountry "ESP"]
[Source "lmi"]
[SourceDate "2011.04.29"]

1. e4 e5 2. Nf3 Nc6 3. Bb5 Nf6 4. d3 d6 5. c3 a6 6. Ba4 Be7 7. O-O O-O 8. Nbd2
b5 9. Bb3 Na5 10. Bc2 c5 11. Re1 Re8 12. Nf1 Bf8 13. h3 Bb7 14. Bg5 h6 15. Bxf6
Qxf6 16. Ne3 Nc6 17. Bb3 Bc8 18. a4 Bd7 19. Nd5 Qg6 20. Nc7 Rac8 21. Nxe8 Rxe8
22. axb5 axb5 23. Kh2 Qf6 24. Nd2 Qf4+ 25. Kg1 Kh8 26. Re3 f5 27. exf5 Bxf5 28.
Bf7 Rd8 29. Rf3 Qg5 30. Ne4 Bxe4 31. dxe4 b4 32. Ra6 bxc3 33. bxc3 Nb8 34. Ra7
Nd7 35. Rf5 Qh4 36. Qg4 Qxg4 37. hxg4 Nf6 38. f3 Rd7 39. Rxd7 Nxd7 40. g5 hxg5
41. Rxg5 Nf6 42. Rg6 1-0

[Event "14. Open Diputación Málaga 2011"]
[Site "Malaga ESP"]
[Date "2011.05.01"]
[Round "4.7"]
[White "Camacho Collados, Jose"]
[Black "Rioboo de la Riva, Alvaro"]
[Result "0-1"]
[WhiteElo "2380"]
[BlackElo "2210"]
[PlyCount "172"]
[EventDate "2011.04.29"]
[EventType "swiss"]
[EventRounds "7"]
[EventCountry "ESP"]
[Source "lmi"]
[SourceDate "2011.04.29"]

1. g3 e5 2. c4 Nc6 3. Bg2 g6 4. Nc3 Bg7 5. Rb1 a5 6. a3 Nf6 7. b4 axb4 8. axb4
O-O 9. Nf3 d6 10. O-O h6 11. b5 Ne7 12. c5 e4 13. cxd6 Qxd6 14. Ne1 Ned5 15.
Bb2 Rd8 16. Nc2 Be6 17. Qc1 Nxc3 18. Bxc3 Ba2 19. Rb2 Re8 20. Nb4 Bc4 21. d3
Bxb5 22. Rd1 Ba4 23. Nc2 Rad8 24. Qa1 Bc6 25. Rbb1 Nh5 26. Bxg7 Nxg7 27. dxe4
Qc5 28. Rxd8 Rxd8 29. Nb4 Re8 30. Nd3 Qe7 31. Rb4 Rd8 32. Qc3 Ne6 33. h4 Nf8
34. Rc4 Ne6 35. Ne5 Bb5 36. Rb4 Rd1+ 37. Kh2 c6 38. Ng4 h5 39. Nf6+ Kf8 40. e3
Qc5 41. Qb3 Rd2 42. Qb1 Qc3 43. e5 Qxe5 44. Qc1 Rd8 45. Ne4 f5 46. Qa3 Kf7 47.
Ng5+ Nxg5 48. hxg5 Qe7 49. f4 Rd3 50. Qa2+ Kg7 51. Qb2+ Kh7 52. e4 Qc5 53. exf5
gxf5 54. Qf6 Qe3 55. Qf7+ Kh8 56. Qxh5+ Kg8 57. Qg6+ Kh8 58. Qf6+ Kg8 59. Qg6+
Kh8 60. Qh6+ Kg8 61. Qh3 Rd7 62. g6 Qe6 63. Qh5 Rg7 64. Rd4 Qxg6 65. Rd8+ Kf7
66. Rd7+ Ke6 67. Qxg6+ Rxg6 68. Rxb7 Kd6 69. Rf7 Bd3 70. Bh3 Rh6 71. Kg2 Be4+
72. Kh2 c5 73. Ra7 Kd5 74. Rd7+ Kc6 75. Re7 c4 76. g4 fxg4 77. Rxe4 Kd5 78. Re8
Rxh3+ 79. Kg2 Rf3 80. Rf8 Ke4 81. Rd8 c3 82. Rc8 Kd3 83. Rd8+ Ke2 84. Re8+ Kd2
85. Rd8+ Rd3 86. Rc8 c2 0-1

[Event "14. Open Diputación Málaga 2011"]
[Site "Malaga ESP"]
[Date "2011.05.01"]
[Round "4.8"]
[White "Aranaz Murillo, Amalia"]
[Black "Torres Ventosa, Pedro Eugenio"]
[Result "1/2-1/2"]
[WhiteElo "2164"]
[BlackElo "2303"]
[PlyCount "125"]
[EventDate "2011.04.29"]
[EventType "swiss"]
[EventRounds "7"]
[EventCountry "ESP"]
[Source "lmi"]
[SourceDate "2011.04.29"]

1. Nf3 Nf6 2. c4 g6 3. Nc3 d5 4. Qa4+ Bd7 5. Qb3 dxc4 6. Qxc4 a6 7. d4 b5 8.
Qb3 c5 9. dxc5 Bg7 10. e4 Bc6 11. e5 Nfd7 12. Be3 Nxe5 13. Be2 e6 14. Nxe5 Bxe5
15. O-O Nd7 16. f4 Bg7 17. a4 bxa4 18. Nxa4 Rb8 19. Nb6 Nxc5 20. Qc4 Qxb6 21.
Bxc5 Bb5 22. Bxb6 Bxc4 23. Bxc4 Rxb6 24. Rxa6 Rxa6 25. Bxa6 Bxb2 26. Rb1 Bd4+
27. Kf1 Ke7 28. Rb7+ Kf6 29. Ke2 h5 30. Rd7 Bg1 31. h3 Ra8 32. Bb5 Rb8 33. Bc6
Bh2 34. Rd4 Kf5 35. Rd7 Kf6 36. Rd4 Kf5 37. Rd7 f6 38. Rb7 Rd8 39. Rd7 Rxd7 40.
Bxd7 Bxf4 41. Kf3 h4 42. Be8 Bc7 43. Bd7 g5 44. Bc8 Bf4 45. Bd7 Ke5 46. Bc8 f5
47. Bd7 Kf6 48. Bc8 e5 49. Bd7 e4+ 50. Kf2 Bc7 51. Bc8 Ke5 52. Bd7 Kf4 53. Bc8
Bb6+ 54. Kf1 Bc5 55. Bd7 g4 56. hxg4 Kxg4 57. Ke2 Kg5 58. Bc8 h3 59. gxh3 f4
60. h4+ Kxh4 61. Bb7 f3+ 62. Kf1 e3 63. Bxf3 1/2-1/2

[Event "14. Open Diputación Málaga 2011"]
[Site "Malaga ESP"]
[Date "2011.05.01"]
[Round "4.9"]
[White "Martinez Rubi, Alberto"]
[Black "Terron Elena, Francisco Miguel"]
[Result "0-1"]
[WhiteElo "2017"]
[BlackElo "2301"]
[PlyCount "72"]
[EventDate "2011.04.29"]
[EventType "swiss"]
[EventRounds "7"]
[EventCountry "ESP"]
[Source "lmi"]
[SourceDate "2011.04.29"]

1. e4 e6 2. d4 d5 3. Nc3 h6 4. Nf3 Nf6 5. e5 Ne4 6. Bd3 Nxc3 7. bxc3 c5 8. O-O
Nc6 9. a4 Bd7 10. Re1 Qa5 11. Bd2 c4 12. Bf1 g5 13. g4 Be7 14. h4 gxh4 15. Nh2
O-O-O 16. Bh3 Rdg8 17. Kh1 Nd8 18. f4 Bxa4 19. Qf3 b5 20. Nf1 Qc7 21. Ne3 Qc6
22. Reb1 Kc7 23. Kh2 a5 24. g5 hxg5 25. f5 g4 26. Bxg4 Bg5 27. fxe6 fxe6 28.
Bxe6 Qxe6 29. Nxd5+ Kc8 30. Bxg5 Rxg5 31. Rxa4 Rg3 32. Nb6+ Qxb6 33. Qa8+ Kd7
34. Qd5+ Ke8 35. Rxb5 Qg6 36. e6 Rh3+ 0-1

[Event "14. Open Diputación Málaga 2011"]
[Site "Malaga ESP"]
[Date "2011.05.02"]
[Round "5.1"]
[White "Khamrakulov, Ibragim S"]
[Black "Ibarra Jerez, Jose Carlos"]
[Result "1/2-1/2"]
[WhiteElo "2495"]
[BlackElo "2522"]
[PlyCount "27"]
[EventDate "2011.04.29"]
[EventType "swiss"]
[EventRounds "7"]
[EventCountry "ESP"]
[Source "lmi"]
[SourceDate "2011.04.29"]

1. e4 c5 2. c3 Nf6 3. e5 Nd5 4. Nf3 e6 5. Bc4 d6 6. d4 cxd4 7. O-O Nc6 8. exd6
Bxd6 9. cxd4 O-O 10. Nc3 Nxc3 11. bxc3 Qc7 12. Bd3 h6 13. c4 b6 14. Be3 1/2-1/2

[Event "14. Open Diputación Málaga 2011"]
[Site "Malaga ESP"]
[Date "2011.05.02"]
[Round "5.3"]
[White "Rioboo de la Riva, Alvaro"]
[Black "Marholev, Dimitar"]
[Result "1/2-1/2"]
[WhiteElo "2210"]
[BlackElo "2384"]
[PlyCount "34"]
[EventDate "2011.04.29"]
[EventType "swiss"]
[EventRounds "7"]
[EventCountry "ESP"]
[Source "lmi"]
[SourceDate "2011.04.29"]

1. e4 e5 2. Nf3 Nc6 3. d4 exd4 4. Nxd4 g6 5. Nc3 Bg7 6. Be3 Nf6 7. Be2 O-O 8.
Nxc6 bxc6 9. Qd3 Re8 10. O-O a5 11. f3 d5 12. Rad1 Ba6 13. Qd2 Bxe2 14. Qxe2
Qe7 15. Rfe1 dxe4 16. Bd4 c5 17. Bf2 Rad8 1/2-1/2

[Event "14. Open Diputación Málaga 2011"]
[Site "Malaga ESP"]
[Date "2011.05.02"]
[Round "5.5"]
[White "Rivas Pastor, Manuel"]
[Black "Guadamuro Torrente, Ana Isabel"]
[Result "1-0"]
[WhiteElo "2533"]
[BlackElo "2167"]
[PlyCount "55"]
[EventDate "2011.04.29"]
[EventType "swiss"]
[EventRounds "7"]
[EventCountry "ESP"]
[Source "lmi"]
[SourceDate "2011.04.29"]

1. d4 d5 2. c4 c6 3. Nf3 Nf6 4. Qc2 a6 5. Bf4 g6 6. e3 Bg7 7. Bd3 e6 8. Nbd2
Nbd7 9. O-O O-O 10. h3 Re8 11. b4 dxc4 12. Nxc4 Nd5 13. Bd6 N7b6 14. Nxb6 Nxb6
15. Bg3 Nd5 16. Rab1 Ne7 17. Rfd1 Nf5 18. Bf4 Nh4 19. Ne5 Qe7 20. e4 f6 21. Nc4
e5 22. Bg3 g5 23. Bxh4 gxh4 24. d5 Bd7 25. Nb6 Rad8 26. Bc4 Kh8 27. d6 Qf8 28.
Qb3 1-0

[Event "14. Open Diputación Málaga 2011"]
[Site "Malaga ESP"]
[Date "2011.05.02"]
[Round "5.6"]
[White "Camacho Collados, Marcos"]
[Black "Aranaz Murillo, Amalia"]
[Result "1-0"]
[WhiteElo "2376"]
[BlackElo "2164"]
[PlyCount "81"]
[EventDate "2011.04.29"]
[EventType "swiss"]
[EventRounds "7"]
[EventCountry "ESP"]
[Source "lmi"]
[SourceDate "2011.04.29"]

1. e4 c6 2. d4 d5 3. exd5 cxd5 4. Bd3 Nc6 5. c3 Qc7 6. Qb3 Nf6 7. Bg5 e6 8. Nd2
Bd6 9. Ne2 Bd7 10. Bh4 a6 11. Bg3 e5 12. dxe5 Nxe5 13. Bxe5 Bxe5 14. Nf3 Bd6
15. h3 O-O 16. O-O b5 17. Ned4 g6 18. Rfd1 Rab8 19. Bf1 Rfc8 20. a3 Qb7 21. Qc2
a5 22. Qd3 b4 23. cxb4 axb4 24. a4 Ra8 25. a5 Ne4 26. a6 Qb6 27. Qb3 Be6 28.
Qe3 Bc5 29. Bd3 f5 30. Bb5 Qxb5 31. Nxb5 Bxe3 32. fxe3 Rc5 33. Nbd4 Bc8 34. a7
Bd7 35. Ne5 Be8 36. Ne6 Rcc8 37. Rxd5 Bf7 38. Rd8+ Rxd8 39. Nxd8 Bd5 40. Ndc6
Nd6 41. Ne7+ 1-0

[Event "14. Open Diputación Málaga 2011"]
[Site "Malaga ESP"]
[Date "2011.05.02"]
[Round "5.7"]
[White "Torres Ventosa, Pedro Eugenio"]
[Black "Perez Garcia, Roberto"]
[Result "1/2-1/2"]
[WhiteElo "2303"]
[BlackElo "2131"]
[PlyCount "116"]
[EventDate "2011.04.29"]
[EventType "swiss"]
[EventRounds "7"]
[EventCountry "ESP"]
[Source "lmi"]
[SourceDate "2011.04.29"]

1. e4 e6 2. d4 d5 3. Nd2 c5 4. exd5 exd5 5. Ngf3 Nf6 6. Bb5+ Bd7 7. Bxd7+ Nbxd7
8. O-O Be7 9. dxc5 Nxc5 10. Nd4 Qd7 11. N2f3 O-O 12. Ne5 Qc8 13. Qf3 g6 14. Re1
Nce4 15. Bh6 Re8 16. Rxe4 dxe4 17. Qb3 Rf8 18. Bxf8 Qxf8 19. Qxb7 Rb8 20. Qc6
Rc8 21. Qa6 Rc5 22. Nc4 Rh5 23. Ne2 Qh6 24. h3 Kg7 25. Ng3 Rg5 26. Qb7 Bc5 27.
Nxe4 Nxe4 28. Qxe4 Qxh3 29. Rf1 Rg4 30. Qd5 f6 31. b4 Qh4 32. bxc5 Rxc4 33. c3
Qf4 34. g3 Qe4 35. Qd7+ Kh6 36. Rd1 Rxc5 37. Qd2+ Kg7 38. Re1 Qb7 39. Qd6 Rc7
40. Re8 Rf7 41. Rb8 Qe4 42. Qd8 Qe1+ 43. Kg2 Qe4+ 44. Kh2 Qf3 45. Kg1 Kh6 46.
c4 Qe4 47. Rc8 Qe1+ 48. Kg2 Qe4+ 49. Kh2 Qe2 50. Qd4 Qxa2 51. c5 Qe6 52. Rd8
Kg7 53. Ra8 Qc6 54. Qd8 Qxc5 55. Qg8+ Kh6 56. Qxf7 Qxf2+ 57. Kh3 Qf1+ 58. Kh2
Qf2+ 1/2-1/2

[Event "14. Open Diputación Málaga 2011"]
[Site "Malaga ESP"]
[Date "2011.05.02"]
[Round "5.8"]
[White "Terron Elena, Francisco Miguel"]
[Black "Aranaz Portugues, Jose Carlos"]
[Result "1-0"]
[WhiteElo "2301"]
[BlackElo "2130"]
[PlyCount "83"]
[EventDate "2011.04.29"]
[EventType "swiss"]
[EventRounds "7"]
[EventCountry "ESP"]
[Source "lmi"]
[SourceDate "2011.04.29"]

1. d4 d5 2. c4 c6 3. Nf3 e6 4. e3 f5 5. Nbd2 Nf6 6. Ne5 Bd6 7. f4 Nbd7 8. Bd3
Qe7 9. O-O O-O 10. Ndf3 Ne4 11. Bd2 Ndf6 12. Be1 Qe8 13. c5 Bc7 14. b4 a5 15.
bxa5 Bxa5 16. Bxa5 Rxa5 17. a4 h6 18. Nd2 Nxd2 19. Qxd2 Qd8 20. Rfb1 g5 21. Rb6
Ra7 22. a5 Nd7 23. Nxd7 Bxd7 24. a6 Qa8 25. Ra3 Bc8 26. Qb2 bxa6 27. Rab3 Rg7
28. Bxa6 Bxa6 29. Ra3 Rb7 30. Raxa6 Qxa6 31. Rxb7 Qd3 32. Rb3 Qd1+ 33. Kf2 Ra8
34. h3 Ra1 35. Rb8+ Kg7 36. Qb7+ Kg6 37. Rg8+ Kh5 38. Rxg5+ Kh4 39. Rg4+ fxg4
40. Qe7+ Kh5 41. Qf7+ Kh4 42. g3+ 1-0

[Event "14. Open Diputación Málaga 2011"]
[Site "Malaga ESP"]
[Date "2011.05.02"]
[Round "5.9"]
[White "Garcia Rodriguez, Victor"]
[Black "Jimenez de la Torre, Jose Antonio"]
[Result "1-0"]
[WhiteElo "2234"]
[BlackElo "2125"]
[PlyCount "85"]
[EventDate "2011.04.29"]
[EventType "swiss"]
[EventRounds "7"]
[EventCountry "ESP"]
[Source "lmi"]
[SourceDate "2011.04.29"]

1. e4 e5 2. Nf3 Nf6 3. Nc3 Nc6 4. Bc4 Nxe4 5. Nxe4 d5 6. Bd3 dxe4 7. Bxe4 Bd6
8. O-O O-O 9. d3 f5 10. Bd5+ Kh8 11. Ng5 Qe8 12. Re1 Qg6 13. c3 h6 14. Nf3 Bd7
15. g3 Rae8 16. Nh4 Qf6 17. Qh5 Ne7 18. Bxb7 Rb8 19. Bg2 Be8 20. Qe2 f4 21. Nf3
fxg3 22. fxg3 Bh5 23. Rf1 Ng6 24. Qe4 Bc5+ 25. Kh1 Ne7 26. b4 Bd6 27. Bb2 Bg6
28. Qe2 Qf5 29. Rad1 Qe6 30. a3 Bh5 31. Rde1 Qb3 32. c4 Bg6 33. Nxe5 Bh5 34.
Qxh5 Qxb2 35. Nf7+ Kg8 36. Nxd6 cxd6 37. Rxe7 Rxf1+ 38. Bxf1 Rf8 39. Re8 Qf6
40. Rxf8+ Kxf8 41. Qe2 Qa1 42. b5 Qxa3 43. Bg2 1-0

[Event "14. Open Diputación Málaga 2011"]
[Site "Malaga ESP"]
[Date "2011.05.02"]
[Round "5.10"]
[White "Ruiz Gutierrez, Manuel"]
[Black "Ramos Moreno, Francisco Jose"]
[Result "1-0"]
[WhiteElo "2193"]
[BlackElo "2122"]
[PlyCount "164"]
[EventDate "2011.04.29"]
[EventType "swiss"]
[EventRounds "7"]
[EventCountry "ESP"]
[Source "lmi"]
[SourceDate "2011.04.29"]

1. Nf3 b6 2. c4 Bb7 3. e3 e6 4. Be2 f5 5. O-O Nf6 6. Nc3 Bd6 7. d4 O-O 8. Ne5
g5 9. Bf3 Nc6 10. Nxc6 dxc6 11. g3 g4 12. Bg2 Bb4 13. Ne2 Bd6 14. b3 Qd7 15.
Bb2 Rad8 16. Qc2 Qc8 17. c5 Be7 18. Nf4 b5 19. b4 Qd7 20. a4 a6 21. axb5 axb5
22. Ra7 Rb8 23. Nd3 Nd5 24. e4 fxe4 25. Bxe4 Bf6 26. Qe2 Qg7 27. Bg2 Rfe8 28.
Qe4 Qg6 29. Re1 Qxe4 30. Rxe4 h5 31. h3 gxh3 32. Bxh3 Kf7 33. Kg2 Re7 34. f4
Bc8 35. Kf3 Bd7 36. Bc1 Rh8 37. Bd2 Bg7 38. Ne5+ Bxe5 39. Rxe5 Kf6 40. Ra1 Rg7
41. Rg5 Rgg8 42. Rxg8 Rxg8 43. Ra6 Ne7 44. Ra7 Nd5 45. Bf1 Rf8 46. Bd3 Rc8 47.
Be4 Be8 48. Ra6 Bd7 49. f5 Rf8 50. fxe6 Kxe6+ 51. Ke2 Rg8 52. Be1 Rg4 53. Kf3
Rg8 54. Ra7 Rf8+ 55. Ke2 Rc8 56. Bd2 Be8 57. Ra6 Bd7 58. Bf3 Rg8 59. Be1 Rh8
60. Ra7 Rh7 61. Ra8 Ne7 62. Bf2 Nd5 63. Be1 Ne7 64. Be4 Rg7 65. Rh8 Rg5 66.
Rh6+ Kf7 67. Rh7+ Ke6 68. Kf3 Nd5 69. Bd2 Rg4 70. Rh6+ Kf7 71. Rh7+ Ke6 72. Bf4
Nxf4 73. gxf4 Rg1 74. Rxh5 Rf1+ 75. Kg3 Kf6 76. Bxc6 Bxc6 77. Rh6+ Ke7 78. Rxc6
Kd7 79. Rh6 Rd1 80. c6+ Ke7 81. Rh5 Rxd4 82. Rxb5 Kd6 1-0

[Event "14. Open Diputación Málaga 2011"]
[Site "Malaga ESP"]
[Date "2011.05.02"]
[Round "6.1"]
[White "Gonzalez Perez, Arian"]
[Black "Khamrakulov, Ibragim S"]
[Result "1-0"]
[WhiteElo "2448"]
[BlackElo "2495"]
[PlyCount "61"]
[EventDate "2011.04.29"]
[EventType "swiss"]
[EventRounds "7"]
[EventCountry "ESP"]
[Source "lmi"]
[SourceDate "2011.04.29"]

1. Nf3 Nf6 2. c4 e6 3. g3 d5 4. Bg2 d4 5. O-O c5 6. e3 Nc6 7. exd4 cxd4 8. d3
Bd6 9. Na3 O-O 10. Nc2 e5 11. b4 a6 12. Rb1 Rb8 13. a4 e4 14. Nfxd4 Nxd4 15.
Nxd4 Be5 16. Nb3 exd3 17. Nc5 Bf5 18. Rb3 Qc7 19. Qf3 Bg4 20. Qxd3 Rbd8 21. Qc2
b6 22. Nxa6 Qd7 23. Ra3 Bf5 24. Qa2 Rfe8 25. Be3 Ng4 26. Bxb6 Bd4 27. Bxd4 Qxd4
28. Ra1 Qd7 29. h3 Nf6 30. Nc5 Qd2 31. Qb3 1-0

[Event "14. Open Diputación Málaga 2011"]
[Site "Malaga ESP"]
[Date "2011.05.02"]
[Round "6.2"]
[White "Ibarra Jerez, Jose Carlos"]
[Black "Garcia Rodriguez, Victor"]
[Result "1-0"]
[WhiteElo "2522"]
[BlackElo "2234"]
[PlyCount "39"]
[EventDate "2011.04.29"]
[EventType "swiss"]
[EventRounds "7"]
[EventCountry "ESP"]
[Source "lmi"]
[SourceDate "2011.04.29"]

1. e4 e5 2. Nf3 Nc6 3. Nc3 Bc5 4. Nxe5 Nxe5 5. d4 Bd6 6. dxe5 Bxe5 7. Qd3 c6 8.
f4 Bxc3+ 9. Qxc3 Nf6 10. e5 Qe7 11. Be2 Ne4 12. Qe3 d5 13. exd6 Nxd6 14. Qxe7+
Kxe7 15. b3 Bf5 16. c4 Be4 17. Ba3 Rac8 18. O-O-O Rhd8 19. Bg4 Rc7 20. Bf5 1-0

[Event "14. Open Diputación Málaga 2011"]
[Site "Malaga ESP"]
[Date "2011.05.02"]
[Round "6.3"]
[White "Terron Elena, Francisco Miguel"]
[Black "Rivas Pastor, Manuel"]
[Result "0-1"]
[WhiteElo "2301"]
[BlackElo "2533"]
[PlyCount "102"]
[EventDate "2011.04.29"]
[EventType "swiss"]
[EventRounds "7"]
[EventCountry "ESP"]
[Source "lmi"]
[SourceDate "2011.04.29"]

1. d4 Nf6 2. Nf3 e6 3. e3 b6 4. Bd3 Bb7 5. c4 d5 6. O-O dxc4 7. Bxc4 Nbd7 8.
Nc3 a6 9. a4 Bd6 10. Qe2 c5 11. Rd1 O-O 12. d5 exd5 13. Nxd5 Nxd5 14. Bxd5 Bxd5
15. Rxd5 Nf6 16. Rd1 Ne4 17. Nd2 Nxd2 18. Bxd2 Qc7 19. h3 Bh2+ 20. Kh1 Be5 21.
Be1 Qc6 22. Bc3 Bxc3 23. bxc3 g6 24. Qc4 Rfc8 25. Rab1 Qf6 26. Rd2 Rc6 27. Rbd1
Kg7 28. Kg1 Rb8 29. Rd7 b5 30. Qd5 Rbc8 31. axb5 axb5 32. Rb7 R6c7 33. Rxb5
Qxc3 34. Rb7 Qf6 35. Rxc7 Rxc7 36. Rc1 Qc6 37. Qxc6 Rxc6 38. Kf1 Kf6 39. Ke2
Ke5 40. Kd3 Rd6+ 41. Kc3 f5 42. Ra1 Rd7 43. h4 f4 44. exf4+ Kxf4 45. Ra5 Rc7
46. Kc4 Kg4 47. Rxc5 Rf7 48. g3 Rxf2 49. Rg5+ Kh3 50. Ra5 Kxg3 51. h5 Rf4+ 0-1

[Event "14. Open Diputación Málaga 2011"]
[Site "Malaga ESP"]
[Date "2011.05.02"]
[Round "6.4"]
[White "Marholev, Dimitar"]
[Black "Ruiz Gutierrez, Manuel"]
[Result "1-0"]
[WhiteElo "2384"]
[BlackElo "2193"]
[PlyCount "70"]
[EventDate "2011.04.29"]
[EventType "swiss"]
[EventRounds "7"]
[EventCountry "ESP"]
[Source "lmi"]
[SourceDate "2011.04.29"]

1. e4 c5 2. Nf3 d6 3. d4 cxd4 4. Nxd4 Nf6 5. Nc3 a6 6. Be3 e6 7. g4 Be7 8. g5
Nfd7 9. Rg1 Nc6 10. f4 Nxd4 11. Bxd4 O-O 12. Qh5 e5 13. fxe5 dxe5 14. Be3 Bc5
15. Rg3 Bxe3 16. Rxe3 Nc5 17. Rd1 Qa5 18. a3 Ne6 19. Rh3 h6 20. gxh6 g6 21. Qh4
f6 22. b4 Qc7 23. Nd5 Qf7 24. Bc4 Kh7 25. Rf3 g5 26. Qf2 Nf4 27. Nb6 Qc7 28.
Rc3 Qb8 29. Nxa8 Qxa8 30. Qc5 Bg4 31. Qe7+ Kxh6 32. Rd6 Ng6 33. Rxf6 Qd8 34.
Qxf8+ Qxf8 35. Rxf8 Nxf8 1-0